LEADER 01265nam a2200277 i 4500 001 000000081723 003 CaOOAMICUS 005 20180620000000.0 008 180620s2003 it u000 u ita u 013 $a53963 020 $a88-88130-72-1 040 $aSeMil$bita 100 1 $aWarduni, Slamon.$0(OLS)http://semarc/name/91760 245 10$aDio non vuole la guerra in Iraq :$bintervista con Slamon Warduni vescovo di Baghdad /$cRiccardo Caniato, Aldo Maria Valli. 260 $aMilano :$bMedusa,$c2003. 300 $a135 p. ;$c19 cm. 650 4$aGuerra in Iraq <2003-2011>.$0(OLS)http://semarc/subject/21708 650 4$aWarduni, Slamon - Interviste.$0(OLS)http://semarc/subject/45488 700 1 $aValli, Aldo Maria,$d<1958- >.$0(OLS)http://semarc/name/24316 700 1 $aCaniato, Riccardo,$d<1967- >.$0(OLS)http://semarc/name/46356 850 $aSeMil 852 $aSeMil$W1$xVenegono$y1$m3V I 381$j46920$B46920$CSeMilBibl$Z2$F49322 $81 961 $aLascito: Villa mons. Luigi 996 $6020$a88-88130-72-1$9(OLS)http://semarc/number/271179 996 $6245$aDio non vuole la guerra in Iraq :$bintervista con Slamon Warduni vescovo di Baghdad$9(OLS)http://semarc/title/404712 996 $6260$aMilano :$bMedusa$9(OLS)http://semarc/publisher/33071 LEADER 01586nam a2200301 i 4500 001 000000251256 003 CaOOAMICUS 005 20161006000000.0 008 161006s2016 gw u000 u ger u 013 $a230161 020 $a978-3-11-044746-0 040 $aSeMil$bita 100 1 $aEde, Franziska.$0(OLS)http://semarc/name/83524 245 10$aMichas Rätsel :$beine Untersuchung zur Kompositionsgeschichte des Michabuches /$cBjörn Corzilius. 260 $aBerlin ; Boston :$bDe Gruyter,$c2016. 300 $aviii, 553 p. ;$c24 cm. 490 0 $aBeihefte zur Zeitschrift für die alttestamentliche Wissenschaft ;$v485 600 04$aGiuseppe .$0(OLS)http://semarc/subject/14071 650 4$aBibbia. Antico Testamento. Genesi - Commentari, studi, critica, interpretazioni.$0(OLS)http://semarc/subject/344 650 4$aBibbia. Antico Testamento. Genesi, 37-50.$0(OLS)http://semarc/subject/20579 650 4$aBibbia. Antico Testamento. Genesi - Analisi narrativa e linguistica.$0(OLS)http://semarc/subject/5327 830 0$aBeihefte zur Zeitschrift für die alttestamentliche Wissenschaft ;$v485.$0(OLS)http://semarc/title/294 850 $aSeMil 852 $aSeMil$W1$xVenegono$y1$m2XA Q 485$j253608$B201602$CSeMilBibl$Z2$F213729 $81 961 $aSottoscrizione: De Gruyter 996 $6020$a978-3-11-044746-0$9(OLS)http://semarc/number/262063 996 $6245$aMichas Rätsel :$beine Untersuchung zur Kompositionsgeschichte des Michabuches$9(OLS)http://semarc/title/353406 996 $6260$aBerlin ; Boston :$bDe Gruyter$9(OLS)http://semarc/publisher/36449